02151nam a2200301 4500001000400000003000400004005001700008008004100025020001800066040000800084041000800092082001800100245010100118260004000219300001100259520127300270650002601543650002201569650001301591650001501604650002401619655001201643655001601655700003801671700004601709700005101755700004301806375OSt20250528074019.0250403b |||||||j |||| 00| 1 eng d a9786555116052 bpor apor aB869.93bM998 aO Mysterio / cNeto, Coelho ; Peixoto, Alfrânio ; Albuquerque, Medeiros e ; Corrêa, Viriato aRio de JaneirobHarperCollinsc2024 a265 p. a Clube do Crime apresenta o primeiro romance policial brasileiro, com posfácio de Tito Prates. Pedro Albergaria é um assíduo leitor de romances policiais, mas não apenas pelo prazer da leitura, afinal, os usa como material de estudo para a vingança que planeja contra o banqueiro Sanches Lobo. Tudo está ao seu favor, até a investigação policial - mesmo que os envolvidos não saibam -, no entanto, o major Mello Bandeira não deixará o assassino sair impune. Com ajuda da sua lanterna furta-fogo - à moda dos detetives em outras partes do mundo -, o investigador acaba no meio de uma trama envolvendo um número razoável de homens chamados Pedro e mulheres chamadas Rosa. E caberá ao Sherlock dos trópicos descobrir quem, dentre os vários suspeitos, foi o responsável por matar o banqueiro. Considerado o primeiro romance policial da literatura brasileira, O mystério é um clássico nacional perdido, cuja primeira publicação em forma de folhetim ocorreu há mais de cem anos, em 1920, no jornal A folha. Com um singular estilo de escrita, esta é uma divertida e imperdível história, autoral de grandes nomes da história do Brasil: Afrânio Peixoto, Coelho Neto, & (Medeiros e Albuquerque) e Viriato Corrêa.  0aLiteratura Brasileira 0aRomance Policial  0aSuspense 0aMistério 0aClássico Nacional 0aRomance 0aFicção  aNeto Coelhod1864- 1934eEscritor aPeixoto Alfrânio d1876- 1947eEscritor a Albuquerque e Medeiros d1867- 1934eEscritor aCorrêa Viriatod1884- 1967eEscritor